Belajar islam bersama Adam dan Alya

Bibliographic Details
Main Author: Darmadi Iman Tauhid, Ahmad Widodo
Format: Book
Published: Selangor : Al- hidayah house Pub. Sdn. Bhd , 2015
Series:Khas untuk kanak-kanak
Subjects:

MARC

LEADER 00000cam a2200000 7i4500
001 0000057817
005 20230125.0
008 160104
020 |a 9789674391355 
041 0 |a Malay 
090 0 0 |a JF   |b REG MAL 
100 1 |a Darmadi Iman Tauhid, Ahmad Widodo 
245 0 0 |a Belajar islam bersama Adam dan Alya   |c Darmadi Iman Tauhid, Ahmad Widodo 
260 |a Selangor :   |b Al- hidayah house Pub. Sdn. Bhd ,   |c 2015 
300 |a 100pg. ;   |c 23cm. 
490 1 |a Khas untuk kanak-kanak 
500 |a Children ages 7-9 years old (orange) 
541 0 0 |c Purchased on 2017 
650 0 |a Folklore 
999 |a 0001375397   |b Book   |c Children Collection   |e Perbadanan Perpustakaan Awam Johor 
999 |a 0001476437   |b Book   |c Children Collection   |e Perbadanan Perpustakaan Awam Johor 
999 |a 0001476438   |b Book   |c Children Collection   |e Cawangan AEON Kulaijaya 
999 |a 0001476439   |b Book   |c Children Collection   |e Cawangan Urban Transformation Centre 
999 |a 0001476863   |b Book   |c Children Collection   |e Cawangan Muar 
999 |a 0001476864   |b Book   |c Children Collection   |e Cawangan Taman Universiti 
999 |a 0001476865   |b Book   |c Teenagers   |e Cawangan Bandar Tenggara 
999 |a 0001476866   |b Book   |c Children Collection   |e Cawangan Segamat 
999 |a 0001476867   |b Book   |c Children Collection   |e Cawangan Mersing 
999 |a 0001476868   |b Book   |c Children Collection   |e Cawangan Batu Pahat 
999 |a 0001476869   |b Book   |c Children Collection   |e Cawangan Bukit Gambir 
999 |a 0001476870   |b Book   |c Children Collection   |e Cawangan Tangkak 
999 |a 0001476871   |b Book   |c Children Collection   |e Cawangan Kota Tinggi 
999 |a 0001476872   |b Book   |c Children Collection   |e Cawangan Taman Sri Lambak 
999 |a 0001476873   |b Book   |c Children Collection   |e Cawangan Tmn. Ungku Tun Aminah 
999 |a 0001476874   |b Book   |c Children Collection   |e Cawangan Pontian 
999 |a 0001476875   |b Book   |c Children Collection   |e Cawangan Bandar Penawar 
999 |a 0001476876   |b Book   |c Children Collection   |e Cawangan Sri Merlong